• 首页
  • 本馆介绍
  • 公告通知
  • 最新文献
  • 馆藏检索
  • 电子资源
  • 读者导购
  • 参考咨询
  • 我的图书馆
  • 登录
  • 详细信息显示
  • 放入我的书架
  • 预约/预借图书
  • 作者相关作品
  • 分类相关作品
  • 丛书相关作品
  • 出版社相关作品

书目信息

  • 表格格式
  • 工作单格式
  • 卡片格式
题名:
古代文章学概论
    
 
作者: 王凯符 编著
分册:  
出版信息: 武汉   武汉大学出版社  1983
页数: 241页
开本: 21cm
丛书名:
单 册:
中图分类: H109.2
科图分类:
主题词: 汉语--古代
电子资源:
ISBN:
000 00624nam0 2200229 45
001 0183011361
005 20050419144627.4
010    @dCNY1.05
091    @a10279.1
100    @a19950526d1983 em y0chiy0121 ea
101 0  @achi
102    @aCN@b420000
105    @ay z 000yy
200 10 @a古代文章学概论@Agu dai wen zhang xue gai lun@f王凯符等编著@FWang Kai Fu Deng Bian Zhu
210    @a武汉@c武汉大学出版社@d1983
215    @a241页@d21cm
606 0  @a汉语@x古代
690    @aH109.2@v3
701  0 @a王凯符@4编著
801  0 @aCN@b上海图书馆@c20040301
801  2 @aCN@bNLC@c20040301
905    @dH109.2@e10@f1@b174684
    
    古代文章学概论/王凯符等编著.-武汉:武汉大学出版社,1983
    241页;21cm
    
    
    ISBN :CNY1.05
    
●
相关链接 在E读中查询图书 在五车中查询图书 在当当中查询图书 在豆瓣中查询图书


正题名:古代文章学概论     索取号:H109.2/10         预约/预借

序号 登录号 条形码 馆藏地/架位号 状态 备注
1 0107805   000827564   密集书库/ [索取号:H109.2/10] 在馆    
2 0107806   000827582   密集书库/ [索取号:H109.2/10] 在馆    
3 0107807   000827555   密集书库/ [索取号:H109.2/10] 在馆    
4 0107808   000827591   第四借阅区/ [索取号:H109.2/10] 在馆    
5 0107809   000827573   第二样本阅览室/ [索取号:H109.2/10] 在馆    
6 0114838   001885286   密集书库/ [索取号:H109.2/10] 在馆    
7 0114839   001885320   密集书库/ [索取号:H109.2/10] 在馆    
8 0114840   001885366   密集书库/ [索取号:H109.2/10] 在馆    
9 0114841   001885400   密集书库/ [索取号:H109.2/10] 在馆    
10 0114842   001885419   密集书库/ [索取号:H109.2/10] 在馆    
11 0162323   001885491   密集书库/ [索取号:H109.2/10] 在馆    
12 0162324   001885482   密集书库/ [索取号:H109.2/10] 在馆    
13 0174683   001885534   密集书库/ [索取号:H109.2/10] 在馆    
14 0174684   002026970   密集书库/ [索取号:H109.2/10] 在馆    
15 0174685   001885160   密集书库/ [索取号:H109.2/10] 在馆    
16 0174686   001885204   密集书库/ [索取号:H109.2/10] 在馆    
17 0174687   001885240   密集书库/ [索取号:H109.2/10] 在馆    
18 0176072   001885446   密集书库/ [索取号:H109.2/10] 在馆    
19 0176073   001885455   密集书库/ [索取号:H109.2/10] 在馆    
唐山师范学院图书馆 欢迎您!
大连网信软件有限公司© 版权所有